Baltic Languages - Sudden Death - Statistics

General Stats
  • This quiz has been taken 81 times
  • The average score is 5 of 13
Answers on the Grid
Answers color-coded by a green-red scale on the quiz's grid according to % correct below.
Ancient Albanian Sign Language
Belarussian
Esperanto
Estonian
Finnish
Friulian
Golyad
Karaim
Kashubian
Knaanic
Latgalian
Latvian
Lithuanian
Old Curonian
Old Prussian
Polabian
Polish
Pomeranian Baltic
Russian
Rusyn
Samogitian
Selonian
Semigallian
Skalvian
Sudovian
Võro
Western Galindian
Yiddish
 
Answer Stats
Answer % Correct
Latvian
87%
Lithuanian
69%
Latgalian
44%
Old Prussian
38%
Samogitian
33%
Old Curonian
29%
Semigallian
29%
Pomeranian Baltic
25%
Selonian
23%
Skalvian
23%
Sudovian
23%
Western Galindian
21%
Golyad
13%
No matching quizzes found
Score Distribution
Percent of People with Each Score
Percentile by Number Answered
Your Score History
You have not taken this quiz